000 00362 a2200157 4500
001 59889
020 _a3789139068
040 _cAnchieta - Pituba
100 _aOlsson, Sören
240 1 0 _aBerts herzens-katastrophen
_lpor
245 1 0 _aBerts herzens-katastrophen
300 _a159
362 0 _a2003
650 4 _aLiteratura juvenil em alemão
942 _cBK
999 _c59889
_d59889